| 000 | 01679cam a22004574i 4500 | ||
|---|---|---|---|
| 003 | PE-LiUPU | ||
| 005 | 20250731173549.0 | ||
| 008 | 150616s1979 wau r 000 0 eng d | ||
| 035 | _a(Sirsi) a9502 | ||
| 040 |
_aPE-LiUPU _bspa _cPE-LiUPU _erda |
||
| 049 | _aPRUA | ||
| 082 | 0 | 4 |
_a286.7 _bB84 _221 |
| 100 | 1 |
_aBrown, Walton John, _d1913-, _eautor. |
|
| 245 | 1 | 0 |
_aChronology of Seventh-Day Adventist Education / _cWalton J. Brown. |
| 264 | 1 |
_aWashington : _bDepartment of Education, General Conference of Seventh-day Adventists, _c1979. |
|
| 300 |
_a280 páginas ; _c29 centímetros |
||
| 336 |
_atext _2rdacontent |
||
| 337 |
_aunmediated _2rdamedia |
||
| 338 |
_avolume _2rdacarrier |
||
| 500 | _aExiste otro igual, PERO EN "Posgrado"; por lo tanto son fichas independientes para cada caso ( NO ES EJEMPLAR 2 ). | ||
| 505 | 0 | _aYears -- Schools -- Directors -- Gatherings -- Publications -- Periodicals. | |
| 526 | _aSEG42 | ||
| 526 | _aSEG41 | ||
| 526 | _aSEG40 | ||
| 526 | _aSEG39 | ||
| 526 | _aP94 | ||
| 526 | _aP87 | ||
| 526 | _aP86 | ||
| 526 | _aP85 | ||
| 526 | _aP77 | ||
| 526 | _aP76 | ||
| 526 | _aP35 | ||
| 650 | 0 | 4 |
_aEducación adventista _xHistoria. |
| 910 |
_ajck _bjvq _cjck |
||
| 942 |
_2ddc _cBOOK |
||
| 949 |
_a286.7 B84 _wDEWEY _c1 _i42991 _lCCODEBUL1 _mBUL _p25.00 _r0 _sY _tBOOK _u19970812 _xTEOLOGIA _zUNKNOWN _0COMPRA _o.STAFF. Colección Teología |
||
| 994 |
_aC0 _bPEPRU |
||
| 596 | _a1 | ||
| 999 |
_a286.7 B84 _wDEWEY _c60962 _i42991 _f2021-11-11 _g6 _lCCODEBUL1 _mBUL _p25.00 _r0 _sY _tBOOK _u2015-6-16 _xTEOLOGIA _PP35 _0COMPRA _o.STAFF. Colección Teología _d60962 |
||
| 980 |
_81 _gALBERTO SANCHEZ Responsable de Automatización |
||